000 00317nam a22001457a 4500
008 221007b ||||| |||| 00| 0 eng d
020 _a0756602157
041 _aeng
080 _a343.9
082 _a343.9 BAI
100 _a31.2
101 _aLAW
245 _aE.ENCYCLOPEDIA SCIENCE
_cBAINES F
942 _2udc
_cBK
999 _c58406
_d58406